Sommets de 8000m - Statistiques

Statistiques générales
  • Ce quiz a été pris 627 fois
    594 depuis la dernière actualisation
  • Le résultat moyen est 7 sur 14
Statistiques - réponses
Altitude Nom % Correct
8848m Everest
100%
8611m K2
95%
8516m Lhotse
56%
8127m Nanga Parbat
48%
8163m Manaslu
45%
8201m Cho Oyu
44%
8047m Broad Peak
43%
8485m Makalu
43%
8091m Annapurna 1
37%
8080m Gasherbrum 1
34%
8035m Gasherbrum 2
34%
8167m Dhaulagiri
33%
8586m Kangchenjunga
31%
8027m Shishapangma
31%
Aucun quiz correspondant
Distribution des résultats
% des personnes avec chaque résultat
Percentile par nombre de réponses
Votre historique - résultats
Vous n’avez pas pris ce quiz depuis la dernière actualisation